000 00828nam a22002417a 4500
003 OSt
005 20240228133748.0
007 ta
008 210312e2020 dr dr a 00| 0 eng dspa d
020 _a9789945220667
040 _aDO-SdBNP
_bspa
_cBNPHU
082 4 _222
_a867.5
_bG643h
100 1 _aGonzález, Narciso,
_923193
245 1 3 _aEl humor tiene bandera /
_cNarciso González ; compilada por José Díaz ; corrección y estilo Eduardo Díaz Guerra ; prólogo Santiago Castro Ventura.
250 _a2da ed.
260 _aSanto Domingo :
_bBúho,
_c2020
300 _a347 p. :
_bil. ;
_c23 cm.
590 _aInventariado, 2021 /LP
700 1 _aDíaz, José,
_ecompilador
_99448
700 1 _aDíaz Guerra, Eduardo,
_ecorrección
_96661
700 1 _aCastro Ventura, Santiago
_eprólogo
_91837
942 _2ddc
_cLBS1
999 _c49550
_d49550